000
00289nam a2200109Ia 4500
008
220204s9999 xx 000 0 und d
082
_a
651.9
_b
TUR
100
_a
Turner, Barry T
245
0
_a
Effective technical writing and speaking
260
_a
Great Britain
_b
Business
_c
1974
942
_c
BK
999
_c
29850
_d
29850